000 01278nam a2200229Ia 4500
001 L560-26135
003 IT-CnALBA
008 170116s9999||||xx |||||||||||||| ||und||
040 _aIT-CnALBA
_cIT-CnALBA
041 _aITALIANO
100 _aKLAATSCH ERMANNO, PROF.
245 0 _aUNIVERSO E UMANITÀ. VOL. II. ORIGINE ED EVOLUZIONE DELLA SPECIE UMANA, (IV) L'EVOLUZIONE DEL REGNO VEGETALE (V)...
250 _a1a ed.
260 _aMILANO
_bVALLARDI FRANCESCO & ANTONIO EDIT.
_cn.d.
300 _a574 p. (prefazione: 13)
500 _a... L'EVOLUZIONE DEL REGNO ANIMALE PARTE VI. STORIA DEL PROGRESSO UMANO NELLA CONOSCENZA E DOMINIO SULLA NATURA. TRADUZIONE DI BUSCAGLIONI L. ILLUSTRAZIONI NEL TESTO E TAVOLE FUORI TESTO. ORIGINI NELLA PREISTORIA. L'UOMO E IL REGNO ANIMALE. IL CORPO UMANO
501 _aSocietà San Paolo EM - Piazza San Paolo, 14 - 12051 ALBA (CN) (non commercial uses only) ® Copyright 2017
520 _a... L'EVOLUZIONE DEL REGNO ANIMALE PARTE VI. STORIA DEL PROGRESSO UMANO NELLA CONOSCENZA E DOMINIO SULLA NATURA. TRADUZIONE DI BUSCAGLIONI L. ILLUSTRAZIONI NEL TESTO E TAVOLE FUORI TESTO. ORIGINI NELLA PREISTORIA. L'UOMO E IL REGNO ANIMALE. IL CORPO UMANO
650 _aPALEONTOLOGIA-PALEOZOOLOGIA
942 _cBK
957 _71
999 _a30922
_bSI
_g Copie: 1
_c285247
_d285247